Immigration : speech of Hon. John Sharp Williams, of Mississippi, in the Senate of the United States, Saturday, December 19, 1914.

Saved in:
Bibliographic Details
Main Author: Williams, John Sharp, 1854-1932.
Corporate Authors: United States. Congress Senate., Immigration Collection of Prescott Farnsworth Hall (Harvard College Library)
Format: Book
Language:English
Published: Washington : G.P.O., 1914.
Series:Open Collections Program at Harvard University. Emigration and immigration.
Subjects:
Tags: Add Tag
No Tags, Be the first to tag this record!
LEADER 01768cam a2200361Ia 4500
001 007770873-3
005 20060630141257.0
008 841102s1914 dcu f000 s eng
010 |a  15000798  
035 0 |a ocn786352138 
035 0 |a ocm11341452 
040 |a DLC  |c BAI  |d HLS  |d HMM 
043 |a n-us--- 
050 0 |a JV6508.E3  |b W5 
100 1 |a Williams, John Sharp,  |d 1854-1932. 
245 1 0 |a Immigration :  |b speech of Hon. John Sharp Williams, of Mississippi, in the Senate of the United States, Saturday, December 19, 1914. 
246 3 0 |a Speech of Hon. John Sharp Williams, of Mississippi, in the Senate of the United States, Saturday, December 19, 1914 
260 |a Washington :  |b G.P.O.,  |c 1914. 
300 |a 8 p. ;  |c 22 cm. 
500 |a Caption title. 
500 |a "The Senate as in Committee of the Whole had under consideration the bill (H.R. 6060) to regulate the immigration of aliens to and the residence of aliens in the United States." 
651 0 |a United States  |x Emigration and immigration  |v Speeches in Congress. 
650 0 |a Aliens  |z United States  |v Speeches in Congress. 
650 0 |a Immigrants  |x Intelligence testing  |z United States  |v Speeches in Congress. 
690 9 |a Arrival; Conditions of admittance; Governmental topics; Federal legislation.  |5 net 
651 0 |a United States  |x Emigration and immigration  |v Speeches in Congress  |y 1914. 
650 0 |a Aliens  |z United States. 
650 0 |a Intelligence tests for immigrants. 
710 1 |a United States.  |b Congress  |n (63rd, 3rd session :  |d 1914-1915).  |b Senate. 
710 2 |a Immigration Collection of Prescott Farnsworth Hall (Harvard College Library)  |5 net 
830 0 |a Open Collections Program at Harvard University.  |p Emigration and immigration.  |5 net 
988 |a 20020608 
906 |0 DLC